01687nam a2200421 i 450000100060000000300020000600500170000800600190002500700150004400800410005902000180010003500230011803500240014103500250016503500210019004000310021105000210024208200160026324501080027926400600038730000410044733600310048833700330051933800430055249000420059550000230063758801230066059001640078365000600094765000560100765500270106370000230109079700190111383000430113285600620117594200110123799900170124875888020241217151241.0m o d | cr cnu||||||||140529s2003 mx o 001 0 spa d z9789707222113 a(MiAaPQ)EBC3219268 a(Au-PeEL)EBL3219268 a(CaPaEBR)ebr10853452 a(OCoLC)992040827 aFINmELBbspaerdacFINmELB 4aHC135bO686 20030 a338.97222300aOrganizaciones civiles :buna propuesta para lograr su consolidación /cAlejandro Favela [y otros 7]. 1aMéxico D.F. :bPlaza y Valdés, S.A. de C.V.,c2003. a1 recurso en línea (128 páginas) atextobtxt2rdacontent/spa acomputadorabc2rdamedia/spa arecurso en líneabcr2rdacarrier/spa1 aColección extensión universitaria aContiene índice. aDescripción basada en recurso en línea; Título de la página del título en PDF (e-libro, visto May 29, 2014). aRecurso electrónico. Santa Fe, Arg.: e-libro, 2015. Disponible vía World Wide Web. El acceso puede estar limitado para las bibliotecas afiliadas a e-libro. 4aOrganizaciones no gubernamentaleszMéxicoxGestión. 0aNon-governmental organizationszMexicoxManagement. 4aLibros electrónicos.1 aFavela, Alejandro.2 ae-libro, Corp. 0aColección extensión universitaria.40uhttps://elibro.net/ereader/politecnicointernacional/75569 cLIBROS c75888d75888